000
00256nam a22001217a 4500
020
_a
81-7862-562-8
082
_a
001
_b
STE/I
245
_a
THE NERVOUS SYSTEM
260
_a
NEW DELHI
_b
STERILING PRESS
300
_a
31
650
_a
GK
_z
NEW DELHI
942
_c
BK
999
_c
6247
_d
6247